|
|
|
|
| LEADER |
00000nam0a2200000 4500 |
| 001 |
159497 |
| 005 |
20231101222121.0 |
| 035 |
|
|
|a (RuTPU)RU\TPU\book\173003
|
| 090 |
|
|
|a 159497
|
| 100 |
|
|
|a 20090512d1938 a y0rusy50 ca
|
| 101 |
0 |
|
|a rus
|
| 102 |
|
|
|a RU
|
| 105 |
|
|
|a a z 001zb
|
| 200 |
1 |
|
|a История одного изобретения
|d Русский парашют
|f Г. Е. Котельников
|
| 210 |
|
|
|a Москва
|a Ленинград
|c изд-во детской литературы
|d 1938
|
| 215 |
|
|
|a 88 с.
|c ил.
|
| 600 |
|
1 |
|a Котельников
|b Г. Е.
|c русский изобретатель
|c создатель авиационного парашюта
|f 1872-1944
|g Глеб Евгеньевич
|2 stltpush
|3 (RuTPU)RU\TPU\pers\24083
|9 10629
|
| 610 |
1 |
|
|a авиация
|
| 610 |
1 |
|
|a парашюты
|
| 610 |
1 |
|
|a открытие
|
| 610 |
1 |
|
|a Россия
|
| 610 |
1 |
|
|a 19 век
|
| 610 |
1 |
|
|a 20 век
|
| 610 |
1 |
|
|a история
|
| 675 |
|
|
|a 629.1
|v 3
|
| 700 |
|
1 |
|a Котельников
|b Г. Е.
|c русский изобретатель
|c создатель авиационного парашюта
|f 1872-1944
|g Глеб Евгеньевич
|2 stltpush
|3 (RuTPU)RU\TPU\pers\24083
|9 10629
|
| 801 |
|
1 |
|a RU
|b 63413507
|c 20090512
|g PSBO
|
| 801 |
|
2 |
|a RU
|b 63413507
|c 20151224
|g RCR
|
| 942 |
|
|
|c BK
|